Statik /

Gespeichert in:
Bibliographische Detailangaben
Hauptverfasser: Winkler, J (Verfasst von), Pester, H (Verfasst von), Klausch, G (Verfasst von)
Format: Buch
Sprache:Deutsch
Veröffentlicht: Leipzig : Fachbuchverlag, 1988
Ausgabe:5.vyd.
Tags: Tag hinzufügen
Keine Tags, Fügen Sie das erste Tag hinzu!

MARC

LEADER 00000nam a22000003a 4500
001 stu27513
005 20150617225741.5
008 940420s1988----gw------------------ger-d
020 |a 3-343-00203-8 
040 |a STU  |b slo 
041 0 |a ger 
044 |a gw 
080 |a 624.04  |7 stu_us_auth*stu16857 
100 1 |a Winkler, J  |4 aut 
245 1 |a Statik /  |c [aut]Winkler,J.;Pester,H.;Klausch,G 
250 |a 5.vyd. 
260 |a Leipzig :  |b Fachbuchverlag,  |c 1988 
300 |a 199 s 
700 1 |a Pester, H  |4 aut 
700 1 |a Klausch, G  |4 aut 
996 |c V*42475/O-18166  |l VV14  |s P  |a 0  |w stu27513_0001